000 ncm a22 a 4500
999 _c351815
_d351815
003 BLK
005 20201007040707.0
008 200323b bu ||||| |||| 00| 0 bu d
040 _aBLK
041 _aRUS
_cRUS
080 _aКонцерти, инструментални
_b785.6
_x:788.8
_z785.6:788.8
100 _aВивалди, Антонио
_eпърви автор
_91299
139 _aВивалди, Антонио
_bВ 55
245 _aКонцерт
_bСоль мажор для фагота с оркестром
_cАнтонио Вивальди; Антонио Вивалди
257 _aRUS
260 _9402764
_aМосква
_bМузыка
_c1987
300 _a23 с.
_b29 с.
380 _a7
490 _9208671
_aПедагогический репертуар
650 7 _9159299
_aКонцерти
653 7 _9189133
_aконцерти
852 _aЦб М II 10354
942 _cNOT
_n0
_s1
944 _c2020-04-06
_kРенета Константинова
_aCR
999 _d349282